| 000 | 005100000a22001810004500 | ||
|---|---|---|---|
| 003 | MACL | ||
| 005 | 20160403130201.0 | ||
| 008 | 160403b xxu||||| |||| 00| 0 eng d | ||
| 040 |
_aMACL _cMACL |
||
| 041 | _aHindi | ||
| 082 | _a370 | ||
| 100 |
_aगिजूभाई _950232 |
||
| 245 | _aमाता पिताओं की माथापच्ची | ||
| 260 |
_bसर्जना _c2008 _aबीकानेर |
||
| 350 | _a130 | ||
| 650 |
_aEducation _950233 |
||
| 942 |
_cHIN _k370/SON _2ddc |
||
| 999 |
_c41100 _d41100 |
||